|
|
|
|
| LEADER |
00000naa2a2200000 4500 |
| 001 |
167578 |
| 005 |
20240206140159.0 |
| 035 |
|
|
|a (RuTPU)RU\TPU\book\181800
|
| 090 |
|
|
|a 167578
|
| 100 |
|
|
|a 20091016d2008 k y0rusy50 ca
|
| 101 |
0 |
|
|a rus
|
| 102 |
|
|
|a RU
|
| 200 |
1 |
|
|a Выбор методов переработки шлифотходов магнитного производства
|f А. Н. Страшко, А. Н. Блинов, М. С. Цхе
|g науч. рук. И. И. Жерин
|
| 320 |
|
|
|a Библиогр.: 2 назв.
|
| 463 |
|
0 |
|0 (RuTPU)RU\TPU\book\176288
|t Химия и химическая технология в XXI веке
|o IX Всероссийская научно-практическая конференция студентов и аспирантов, Томск, 14-16 мая 2008 г.
|o сборник материалов
|f Томский политехнический университет (ТПУ) ; Химия и химическая технология в XXI веке
|v С. 83
|d 2008
|p 338 с.
|
| 610 |
1 |
|
|a магнитное производство
|
| 610 |
1 |
|
|a редкие земли
|
| 610 |
1 |
|
|a переработка
|
| 610 |
1 |
|
|a шлифотходы
|
| 610 |
1 |
|
|a шлифование
|
| 610 |
1 |
|
|a неодим
|
| 610 |
1 |
|
|a отходы
|
| 610 |
1 |
|
|a редкие элементы
|
| 610 |
1 |
|
|a труды учёных ТПУ
|
| 700 |
|
1 |
|a Страшко
|b А. Н.
|c химик-технолог
|c ассистент Томского политехнического университета, кандидат технических наук
|f 1984-
|g Александр Николаевич
|3 (RuTPU)RU\TPU\pers\27926
|9 12929
|
| 701 |
|
1 |
|a Блинов
|b А. Н.
|
| 701 |
|
1 |
|a Цхе
|b М. С.
|
| 702 |
|
1 |
|a Жерин
|b И. И.
|c российский химик
|c профессор Томского политехнического университета, доктор химических наук
|f 1955-
|g Иван Игнатьевич
|3 (RuTPU)RU\TPU\pers\25854
|4 727
|9 11723
|
| 801 |
|
1 |
|a RU
|b 63413507
|c 20091016
|
| 801 |
|
2 |
|a RU
|b 63413507
|c 20151209
|g RCR
|
| 942 |
|
|
|c BK
|